[Event "France-ch U14"]
[Site "Reims"]
[Date "2004.04.18"]
[Round "1"]
[White "Eynaud, De Fay Gregoire"]
[Black "Edouard, Romain"]
[Result "0-1"]
[WhiteElo "1740"]
[BlackElo "2097"]
[PlyCount "84"]
[EventDate "2004.04.??"]
[EventType "swiss"]
[EventRounds "9"]
[EventCountry "FRA"]
[SourceTitle "EXT 2005"]
[Source "ChessBase"]
[SourceDate "2004.11.15"]
[SourceVersion "1"]
[SourceVersionDate "2004.11.15"]
[SourceQuality "1"]

1. e4 c5 2. Nc3 Nc6 3. Bb5 Nd4 4. Bc4 g6 5. Nf3 Bg7 6. d3 a6 7. a3 e6 8. Be3 Ne7 9. Bxd4 cxd4 10. Ne2 Nc6 11. Qd2 0-0 12. 0-0 f5 13. exf5 Rxf5 14. Ng3 Rf8 15. Rfe1 b6 16. Qg5 Bb7 17. Qxd8 Raxd8 18. Ng5 Rfe8 19. Bb3 h6 20. N5e4 d5 21. Nd2 Kh7 22. Re2 Re7 23. Rae1 Rde8 24. h3 Nd8 25. f4 Rf7 26. Rf1 Ref8 27. Ref2 h5 28. Ne2 Bh6 29. g3 e5 30. Nb1 Ne6 31. Kg2 exf4 32. gxf4 Bxf4 33. Nd2 g5 34. Nxf4 Rxf4 35. Rxf4 Nxf4+ 36. Kh2 Kg6 37. Ba2 Re8 38. Rf2 Re3 39. Nf3 g4 40. hxg4 hxg4 41. Nh4+ Kg5 42. Kg1 Nh3+ 0-1